000 00637cam a22002531 4500
001 sa 64004524
003 DLC
005 20260227112025.0
008 940927s1962 ii 000 0 telo
010 _asa 64004524
025 _aPL480:I-Te-479
035 _a(OCoLC)31187218
040 _aDLC
_cCU
_dCU
_dDLC
042 _apremarc
050 0 0 _aPL4780.8
_b.K5
100 0 _aKīrtipriya.
245 1 0 _aKalpana.
260 _c[1962]
300 _a135, ii p.
_c18 cm.
500 _aIn Telugu.
500 _aIncludes brief biographical sketches of the authors.
650 0 _aShort stories, Telugu.
650 0 _aAuthors, Telugu.
999 _c58564
_d58564